000 00425nam a22001697a 4500
005 20180323170133.0
008 160523b xxu||||| |||| 00| 0 eng d
020 _a81-203-1210-4
041 _aeng
082 _b4161
_a338.5
100 _aNelus/Joseph G. Parkar? David
_91028
245 _aBusiness Economics
260 _aNew Delhi
_bAcademic Faundation
_c2003
300 _a224
650 _aManagement
_9241
942 _cBK
999 _c1400
_d1400